[Event "Foment Martinenc op-B 22nd"]
[Site "Barcelona"]
[Date "2022.06.04"]
[Round "7"]
[White "Gonzalez Muelas, Javier"]
[Black "Aparicio Escudero, Hector F"]
[Result "1-0"]
[WhiteElo "1699"]
[BlackElo "1687"]
[PlyCount "83"]
[EventDate "2022.04.23"]
[EventType "swiss"]
[EventRounds "9"]
[EventCountry "ESP"]
[SourceTitle "EXT 2023"]
[Source "ChessBase"]
[SourceDate "2022.10.05"]
[SourceVersion "1"]
[SourceVersionDate "2022.10.05"]
[SourceQuality "1"]

1. e4 c5 2. Nf3 e6 3. d4 cxd4 4. Nxd4 Nf6 5. Nc3 d6 6. Be2 a6 7. Be3 Be7 8. 0-0 b5 9. Bf3 e5 10. Nde2 Bb7 11. Nd5 Nxd5 12. exd5 0-0 13. Rc1 Nd7 14. b3 f5 15. g3 Rc8 16. Bg2 Nf6 17. c4 bxc4 18. bxc4 Qd7 19. Qb3 Ne4 20. c5 Qb5 21. c6 Qxb3 22. axb3 Ba8 23. Ra1 Nc5 24. b4 Nd3 25. Rfb1 f4 26. Rxa6 fxe3 27. fxe3 Bg5 28. e4 Be3+ 29. Kh1 Nf2+ 30. Kg1 Nxe4+ 31. Kh1 Nf2+ 32. Kg1 Nd3+ 33. Kh1 Rf2 34. Nc3 Rc2 35. Ne4 Nf2+ 36. Nxf2 Rxf2 37. b5 Rc2 38. b6 Bxb6 39. Raxb6 Ra2 40. Bf1 Kf7 41. Ba6 Rf8 42. Rf1+ 1-0

[Event "Foment Martinenc op-B 22nd"]
[Site "Barcelona"]
[Date "2022.05.21"]
[Round "5"]
[White "Cavalle Sanchez, Arnau"]
[Black "Aparicio Escudero, Hector F"]
[Result "1-0"]
[WhiteElo "1444"]
[BlackElo "1687"]
[PlyCount "85"]
[EventDate "2022.04.23"]
[EventType "swiss"]
[EventRounds "9"]
[EventCountry "ESP"]
[SourceTitle "EXT 2023"]
[Source "ChessBase"]
[SourceDate "2022.10.05"]
[SourceVersion "1"]
[SourceVersionDate "2022.10.05"]
[SourceQuality "1"]

1. e4 c5 2. Nc3 Nc6 3. g3 d6 4. Bg2 g6 5. Nge2 Bg7 6. d3 e6 7. 0-0 a6 8. Be3 Nf6 9. h3 0-0 10. Qd2 Re8 11. f4 Qc7 12. g4 Rb8 13. f5 b5 14. fxg6 hxg6 15. Bh6 Bh8 16. Nf4 b4 17. Nce2 Bb7 18. Rf2 Nd7 19. Nh5 Nce5 20. Raf1 Nf8 21. Bxf8 Rxf8 22. Nf6+ Bxf6 23. Rxf6 Nd7 24. g5 Kg7 25. Qf4 Ne5 26. d4 cxd4 27. Nxd4 Qc5 28. Qf2 Bc8 29. Kh1 Bd7 30. h4 Kg8 31. Bh3 Rbe8 32. h5 Bc6 33. Nxc6 Qxc6 34. hxg6 Qxe4+ 35. Bg2 Qg4 36. gxf7+ Rxf7 37. Kg1 Rxf6 38. gxf6 Kh8 39. f7 Rf8 40. Qf6+ Kh7 41. Rf4 Qd1+ 42. Bf1 Ng6 43. Rf3 1-0

[Event "Foment Martinenc op-B 22nd"]
[Site "Barcelona"]
[Date "2022.04.23"]
[Round "1"]
[White "Guerrero Moreno, Ainoha"]
[Black "Aparicio Escudero, Hector F"]
[Result "1/2-1/2"]
[WhiteElo "1402"]
[BlackElo "1687"]
[PlyCount "96"]
[EventDate "2022.04.23"]
[EventType "swiss"]
[EventRounds "9"]
[EventCountry "ESP"]
[SourceTitle "EXT 2023"]
[Source "ChessBase"]
[SourceDate "2022.10.05"]
[SourceVersion "1"]
[SourceVersionDate "2022.10.05"]
[SourceQuality "1"]

1. e4 c5 2. Nc3 Nc6 3. f4 d6 4. Nf3 e6 5. Bb5 a6 6. Bxc6+ bxc6 7. 0-0 Nf6 8. d3 Be7 9. Qe1 Qc7 10. e5 Nd5 11. Ne4 Bb7 12. exd6 Bxd6 13. Nxd6+ Qxd6 14. Qe5 Qxe5 15. fxe5 0-0 16. a3 Rad8 17. Bg5 Rd7 18. Rae1 h6 19. Bh4 Nc7 20. Re4 Nb5 21. Bf2 Nd4 22. Nxd4 cxd4 23. Rxd4 Rd5 24. Rb4 Rb5 25. Bd4 Rd8 26. Rf4 Rxb4 27. axb4 Rd5 28. Re4 Rd7 29. Bc5 Rd8 30. Rd4 Rxd4 31. Bxd4 Kf8 32. Bc5+ Ke8 33. Bd6 h5 34. c4 Kd7 35. c5 f5 36. exf6 gxf6 37. Kf2 Ke8 38. Kf3 Kf7 39. g3 Kg6 40. Kf4 Bc8 41. d4 Bd7 42. h4 Be8 43. Ke4 Kg7 44. Kd3 Bg6+ 45. Kc3 Be4 46. Kb3 Kg6 47. Bf4 Kf5 48. Kc3 Bd5 1/2-1/2

[Event "Barcelona Vila de Gracia op 25th"]
[Site "Barcelona"]
[Date "2021.11.12"]
[Round "7"]
[White "Ortega Rios, Jorge"]
[Black "Aparicio Escudero, Hector F"]
[Result "1-0"]
[WhiteElo "1902"]
[BlackElo "1680"]
[PlyCount "95"]
[EventDate "2021.10.01"]
[EventType "swiss"]
[EventRounds "9"]
[EventCountry "ESP"]
[SourceTitle "EXT 2023"]
[Source "ChessBase"]
[SourceDate "2022.10.05"]
[SourceVersion "1"]
[SourceVersionDate "2022.10.05"]
[SourceQuality "1"]

1. e4 c5 2. Nf3 e6 3. Nc3 Nc6 4. a3 a6 5. g3 Qc7 6. Bg2 Nf6 7. 0-0 Be7 8. d3 d6 9. Bf4 e5 10. Bg5 Be6 11. Ne1 h6 12. Bd2 Bg4 13. f3 Be6 14. h3 d5 15. f4 dxe4 16. f5 Bd7 17. dxe4 Nd4 18. Nf3 Bc6 19. Nxd4 cxd4 20. Nd5 Nxd5 21. exd5 Bb5 22. Re1 f6 23. Qh5+ Kf8 24. Be4 Bc5 25. Kh2 Rc8 26. Qf3 Bd6 27. Rec1 Qf7 28. a4 Bd7 29. Ba5 Ke7 30. Bb6 Rc4 31. b3 Rc3 32. Bd3 g5 33. fxg6 Qxg6 34. Ba5 Rxd3 35. cxd3 Bf5 36. Rd1 Rc8 37. Ra2 Kf7 38. Rf2 Bd7 39. Rdf1 f5 40. Qg4 Qxg4 41. hxg4 f4 42. gxf4 exf4 43. Rxf4+ Bxf4+ 44. Rxf4+ Kg6 45. Rxd4 Rc2+ 46. Kg3 Rb2 47. Rb4 Rd2 48. Rb6+ 1-0

[Event "Barcelona Vila de Gracia op 25th"]
[Site "Barcelona"]
[Date "2021.10.22"]
[Round "4"]
[White "Catarineu Morales, Alex"]
[Black "Aparicio Escudero, Hector F"]
[Result "1-0"]
[WhiteElo "2079"]
[BlackElo "1680"]
[PlyCount "65"]
[EventDate "2021.10.01"]
[EventType "swiss"]
[EventRounds "9"]
[EventCountry "ESP"]
[SourceTitle "EXT 2023"]
[Source "ChessBase"]
[SourceDate "2022.10.05"]
[SourceVersion "1"]
[SourceVersionDate "2022.10.05"]
[SourceQuality "1"]

1. Nf3 Nf6 2. e3 c5 3. d4 cxd4 4. exd4 d5 5. c4 e6 6. a3 Be7 7. Nc3 0-0 8. Bf4 Bd7 9. c5 b6 10. b4 Ne4 11. Nxe4 dxe4 12. Ne5 Nc6 13. Bc4 Nxe5 14. Bxe5 Bf6 15. Bd6 Be7 16. Bxe7 Qxe7 17. 0-0 Rad8 18. Qe2 Bc6 19. Rad1 Bd5 20. Bxd5 exd5 21. Rc1 Rc8 22. Rc3 Qf6 23. Qd2 bxc5 24. bxc5 Rb8 25. f3 Qg6 26. fxe4 dxe4 27. d5 f5 28. d6 Rfd8 29. Qd5+ Kh8 30. Qxf5 Qxf5 31. Rxf5 Rb1+ 32. Rf1 Rb2 33. c6 1-0

[Event "Barcelona Sant Marti op-B 21st"]
[Site "Barcelona"]
[Date "2019.07.16"]
[Round "4"]
[White "Aparicio Escudero, Hector F"]
[Black "Vallbona Domingo, Joan"]
[Result "0-1"]
[WhiteElo "1681"]
[BlackElo "1918"]
[PlyCount "162"]
[EventDate "2019.07.13"]
[EventType "swiss"]
[EventRounds "9"]
[EventCountry "ESP"]
[SourceTitle "EXT 2020"]
[Source "ChessBase"]
[SourceDate "2019.10.17"]
[SourceVersion "1"]
[SourceVersionDate "2019.10.17"]
[SourceQuality "1"]

1. e4 c5 2. Nf3 e6 3. d4 cxd4 4. Nxd4 a6 5. c4 Nf6 6. Nc3 Bb4 7. f3 Qc7 8. Nc2 Be7 9. Be3 d6 10. Be2 Nbd7 11. 0-0 b6 12. Kh1 Bb7 13. Qd2 Rc8 14. Rac1 0-0 15. Nd4 Rfe8 16. Rfd1 Qb8 17. Qe1 g6 18. Qd2 Qa8 19. Nc2 Qb8 20. Bf4 Ne5 21. b3 Red8 22. Be3 Ned7 23. Bf4 Ne5 24. Be3 Ba8 25. Na4 Ned7 26. Nc3 Ne5 27. Na4 Ned7 28. Nc3 Ne8 29. Bd4 Nef6 30. Be3 Nc5 31. Qe1 Re8 32. Qf2 Bd8 33. Ne1 Bc7 34. Bd4 Ncd7 35. Qh4 Bd8 36. Qh6 Be7 37. Qe3 Bc6 38. Qf2 b5 39. cxb5 axb5 40. Rd2 d5 41. exd5 Nxd5 42. Nxd5 Bxd5 43. Rdc2 b4 44. Ba6 Bb7 45. Bxb7 Qxb7 46. Rxc8 Rxc8 47. Rxc8+ Qxc8 48. Qc2 Qb7 49. Qd3 Qd5 50. Be3 Nf6 51. Qxd5 Nxd5 52. Bd2 Kf8 53. Nd3 Bd6 54. h3 Ke8 55. Kg1 Kd7 56. Kf1 Kc6 57. Ke2 h5 58. g4 hxg4 59. fxg4 f5 60. gxf5 exf5 61. h4 Kd7 62. Kf3 Ke6 63. Kg2 Kd7 64. Kf3 Kc6 65. Nf4 Nxf4 66. Bxf4 Bxf4 67. Kxf4 Kd5 68. Kg5 Ke4 69. Kxg6 f4 70. h5 f3 71. h6 f2 72. h7 f1Q 73. h8Q Qf5+ 74. Kh6 Qh3+ 75. Kg7 Qxh8+ 76. Kxh8 Kd3 77. Kg7 Kc2 78. Kf6 Kb2 79. Ke5 Kxa2 80. Kd4 Kxb3 81. Kc5 Kc3 0-1

[Event "Barcelona La Lira op 12th"]
[Site "Barcelona"]
[Date "2019.05.16"]
[Round "6"]
[White "Aparicio Escudero, Hector F"]
[Black "Romero Funieles, Rafael de Jesus"]
[Result "0-1"]
[WhiteElo "1774"]
[BlackElo "1624"]
[PlyCount "66"]
[EventDate "2019.04.04"]
[EventType "swiss"]
[EventRounds "9"]
[EventCountry "ESP"]
[SourceTitle "CBM 190 Extra"]
[Source "ChessBase"]
[SourceDate "2019.07.15"]
[SourceVersion "1"]
[SourceVersionDate "2019.07.15"]
[SourceQuality "1"]

1. Nf3 e6 2. c4 Be7 3. Nc3 Nf6 4. g3 c6 5. Bg2 0-0 6. 0-0 d5 7. cxd5 exd5 8. d4 h6 9. Bf4 Bf5 10. Qb3 b6 11. Ne5 Nh5 12. Be3 Nf6 13. Rac1 Bd6 14. Bf4 Bxe5 15. dxe5 Nh5 16. Nxd5 cxd5 17. Bxd5 Nxf4 18. gxf4 Na6 19. Rfd1 Qh4 20. Bxa8 Rxa8 21. Qd5 Rf8 22. Rc3 Nc5 23. Rg3 Qxf4 24. e3 Qb4 25. Rd4 Qe1+ 26. Kg2 Ne6 27. Rh4 Ng5 28. Qd4 Qb1 29. h3 Be4+ 30. f3 Qc2+ 31. Kf1 Bxf3 32. Rf4 Qe2+ 33. Kg1 Qe1+ 0-1

[Event "Barcelona Tres Peons 48th"]
[Site "Barcelona"]
[Date "2019.01.25"]
[Round "3.3"]
[White "Aparicio Escudero, Hector F"]
[Black "Solsona Olive, Xavier"]
[Result "0-1"]
[WhiteElo "1739"]
[BlackElo "1800"]
[PlyCount "101"]
[EventDate "2019.01.11"]
[EventType "swiss"]
[EventRounds "8"]
[EventCountry "ESP"]
[SourceTitle "EXT 2024"]
[Source "ChessBase"]
[SourceDate "2023.10.10"]
[SourceVersion "1"]
[SourceVersionDate "2023.10.10"]
[SourceQuality "1"]

1. Nf3 d5 2. d4 g6 3. Bf4 Bg7 4. e3 c5 5. c3 c4 6. Nbd2 Nc6 7. Be2 Nf6 8. Ne5 0-0 9. h4 h5 10. g4 Nxe5 11. dxe5 Nxg4 12. Rg1 Bxe5 13. Bxe5 Nxe5 14. f4 Ng4 15. Bxg4 Bxg4 16. Rxg4 hxg4 17. Qxg4 Qc8 18. Qg3 Qf5 19. 0-0-0 Rad8 20. Nf3 Rd6 21. Nd4 Qh5 22. Rg1 Rf6 23. Nf3 Re6 24. Ne5 Kg7 25. Qh2 Rh8 26. Rh1 Rd6 27. Qg2 Qf5 28. Qd2 Qe4 29. Rh2 Re6 30. Rh3 f6 31. Ng4 g5 32. Nf2 Qg2 33. fxg5 fxg5 34. Qd4+ Rf6 35. hxg5 Qf1+ 36. Nd1 Rxh3 37. gxf6+ exf6 38. Qg4+ Kh6 39. Qd4 Qf3 40. Qxa7 Rh1 41. Qd4 Rf1 42. Qd2 Kg5 43. Qd4 Qe4 44. Qd2 Kg4 45. Qe2+ Qf3 46. Qd2 Kg3 47. Qd4 Qe4 48. Qd2 Qd3 49. Qxd3 cxd3 50. Kd2 Kf3 51. b3 0-1

[Event "Maresme op 15th"]
[Site "Maresme"]
[Date "2018.10.06"]
[Round "2"]
[White "Ruiz Manchon, Francesco Xavier"]
[Black "Aparicio Escudero, Hector F"]
[Result "1/2-1/2"]
[WhiteElo "2119"]
[BlackElo "1730"]
[PlyCount "124"]
[EventDate "2018.09.29"]
[EventType "swiss"]
[EventRounds "9"]
[EventCountry "ESP"]
[SourceTitle "EXT 2020"]
[Source "ChessBase"]
[SourceDate "2019.10.17"]
[SourceVersion "1"]
[SourceVersionDate "2019.10.17"]
[SourceQuality "1"]

1. e4 c5 2. c3 e6 3. d3 d5 4. Nd2 Nc6 5. Ngf3 Nf6 6. g3 Qc7 7. Bg2 dxe4 8. dxe4 Be7 9. 0-0 0-0 10. Qc2 Rb8 11. a4 b6 12. Nc4 Ba6 13. Bf4 Qc8 14. Nfd2 e5 15. Bg5 h6 16. Bxf6 Bxf6 17. Nd6 Qg4 18. Nb5 Rbd8 19. Nc4 Rd7 20. Ne3 Qe6 21. Nd5 Bxb5 22. axb5 Ne7 23. Ne3 Rfd8 24. Rfd1 Rxd1+ 25. Rxd1 Rxd1+ 26. Qxd1 Bg5 27. Nf1 Nc8 28. h4 Be7 29. Ne3 Nd6 30. Qa4 Nc8 31. Bf1 Qd7 32. Bc4 Nd6 33. Be2 Qb7 34. Nd5 Bf8 35. f3 Qd7 36. Kg2 Be7 37. Qa6 Bf8 38. Kh2 Qb7 39. Qa4 Qd7 40. Bf1 Qb7 41. Bh3 Be7 42. b3 Bf8 43. c4 Ne8 44. Qa6 Qxa6 45. bxa6 Bd6 46. Bc8 Nc7 47. Nc3 Kf8 48. Kg2 Ke8 49. Kf2 Ke7 50. Ke3 Kd8 51. Bb7 Ke8 52. Nb5 Nxb5 53. cxb5 Ke7 54. Kd3 Ke6 55. Bc8+ Ke7 56. Kc4 Bc7 57. Kd5 Kd8 58. Bh3 g5 59. hxg5 hxg5 60. Kc6 Bb8 61. Kb7 Bd6 62. Kxa7 Kc7 1/2-1/2

[Event "Sants Hostafrancs op-C 18th"]
[Site "Barcelona"]
[Date "2016.08.25"]
[Round "7"]
[White "Escoriza Lusilla, Pedro"]
[Black "Aparicio Escudero, Hector F"]
[Result "1-0"]
[WhiteElo "1668"]
[BlackElo "1734"]
[PlyCount "73"]
[EventDate "2016.08.19"]
[EventType "swiss"]
[EventRounds "10"]
[EventCountry "ESP"]
[SourceTitle "EXT 2019"]
[Source "ChessBase"]
[SourceDate "2018.10.10"]
[SourceVersion "1"]
[SourceVersionDate "2018.10.10"]
[SourceQuality "1"]

1. c4 e5 2. Nc3 Nf6 3. g3 g6 4. Bg2 c6 5. d3 Bg7 6. e4 0-0 7. Nge2 d6 8. 0-0 Be6 9. Rb1 Qc8 10. f4 Nh5 11. Qe1 a5 12. Qf2 Na6 13. f5 Bd7 14. g4 Nf4 15. Nxf4 exf4 16. Bxf4 Be5 17. Bxe5 dxe5 18. Qh4 f6 19. fxg6 hxg6 20. Rxf6 Rxf6 21. Qxf6 Qe8 22. h3 Nb4 23. Rd1 Nc2 24. Rd2 Nd4 25. Ne2 Nxe2+ 26. Rxe2 Rd8 27. Rf2 Bc8 28. Bf1 Rd4 29. Qg5 Rd6 30. Rf6 Rxf6 31. Qxf6 Bd7 32. Be2 b5 33. h4 bxc4 34. dxc4 Kh7 35. c5 Bc8 36. Bc4 Bd7 37. Bf7 1-0

[Event "Barcelona Primavera La Lira op 8th"]
[Site "Barcelona"]
[Date "2015.04.30"]
[Round "4"]
[White "Orts Gonzalez, Rafael"]
[Black "Aparicio Escudero, Hector F"]
[Result "0-1"]
[WhiteElo "1190"]
[BlackElo "1734"]
[PlyCount "74"]
[EventDate "2015.04.09"]
[EventType "swiss"]
[EventRounds "9"]
[EventCountry "ESP"]
[SourceTitle "CBM 166 Extra"]
[Source "ChessBase"]
[SourceDate "2015.06.18"]
[SourceVersion "1"]
[SourceVersionDate "2015.06.18"]
[SourceQuality "1"]

1. Nf3 c5 2. d3 Nc6 3. a3 d5 4. Nbd2 e5 5. g3 Nf6 6. Bg2 Be7 7. 0-0 0-0 8. c4 d4 9. Re1 Bg4 10. e3 Qc7 11. Qb3 Rfe8 12. Ng5 Rad8 13. Nge4 dxe3 14. Rxe3 Nxe4 15. Rxe4 Bf5 16. Re3 Bg5 17. Bxc6 Qxc6 18. Qb5 Qxb5 19. cxb5 Bxe3 20. fxe3 Rxd3 21. Kf2 Red8 22. Nc4 e4 23. b4 Rc3 24. Nb2 Rc2+ 25. Ke1 Rxh2 26. Kf1 Bh3+ 27. Kg1 Re2 28. bxc5 Rd5 29. c6 bxc6 30. bxc6 Rf5 31. Bd2 Rxd2 32. Nc4 Rg2+ 33. Kh1 Rff2 34. Nd6 Rh2+ 35. Kg1 Rfg2+ 36. Kf1 Ra2+ 37. Kg1 Rhg2+ 0-1

[Event "Mataro op 11th"]
[Site "Mataro"]
[Date "2014.11.15"]
[Round "8"]
[White "Gonzalez Saguillo, Oriol"]
[Black "Aparicio Escudero, Hector F"]
[Result "1-0"]
[WhiteElo "1932"]
[BlackElo "1915"]
[PlyCount "91"]
[EventDate "2014.09.27"]
[EventType "swiss"]
[EventRounds "9"]
[EventCountry "ESP"]
[SourceTitle "EXT 2016"]
[Source "ChessBase"]
[SourceDate "2015.10.08"]
[SourceVersion "1"]
[SourceVersionDate "2015.10.08"]
[SourceQuality "1"]

1. e4 c5 2. d3 e6 3. g3 Nc6 4. f4 d5 5. e5 Nge7 6. Nf3 Qa5+ 7. Nbd2 Bd7 8. Bg2 Nf5 9. Qe2 Ncd4 10. Nxd4 Nxd4 11. Qd1 Be7 12. 0-0 h5 13. Nf3 Nf5 14. c3 h4 15. g4 h3 16. gxf5 hxg2 17. Kxg2 exf5 18. d4 c4 19. Be3 Qb6 20. Qc2 Qg6+ 21. Kh1 Qg4 22. Rf2 Bh4 23. Nxh4 Qxh4 24. b3 0-0-0 25. bxc4 dxc4 26. d5 Rh7 27. Qe2 b5 28. Bxa7 Qg3 29. Qe3 Qxe3 30. Bxe3 Rh3 31. Bb6 Rdh8 32. Bd4 R8h7 33. Rb1 Kc7 34. Rb4 Rd3 35. a4 bxa4 36. Rxc4+ Kd8 37. Rb4 Rh4 38. Rb8+ Bc8 39. Bb6+ Kd7 40. e6+ fxe6 41. dxe6+ Kc6 42. Rxc8+ Kxb6 43. e7 Rd1+ 44. Kg2 Rg4+ 45. Kf3 Rd3+ 46. Ke2 1-0

[Event "Mataro op 11th"]
[Site "Mataro"]
[Date "2014.11.08"]
[Round "7"]
[White "Aparicio Escudero, Hector F"]
[Black "Ribalta Bertran, Esteve"]
[Result "1/2-1/2"]
[WhiteElo "1915"]
[BlackElo "1936"]
[PlyCount "94"]
[EventDate "2014.09.27"]
[EventType "swiss"]
[EventRounds "9"]
[EventCountry "ESP"]
[SourceTitle "EXT 2016"]
[Source "ChessBase"]
[SourceDate "2015.10.08"]
[SourceVersion "1"]
[SourceVersionDate "2015.10.08"]
[SourceQuality "1"]

1. d4 e6 2. c4 Nf6 3. Nf3 b6 4. g3 Bb7 5. Bg2 Be7 6. 0-0 0-0 7. Nc3 Ne4 8. Qc2 Nxc3 9. Qxc3 f5 10. Bf4 d6 11. Rad1 Nd7 12. h4 h6 13. Qc1 Rf6 14. b4 Qc8 15. a4 Be4 16. Qd2 a5 17. b5 Qb7 18. Ne1 Bxg2 19. Nxg2 Rd8 20. Qb2 Rf7 21. h5 Nf6 22. Nh4 Nxh5 23. Ng6 Bf6 24. Be3 Qe4 25. Qc1 Kh7 26. f3 Qa8 27. Nf4 Nxf4 28. Bxf4 e5 29. dxe5 dxe5 30. Rxd8 Qxd8 31. Rd1 Rd7 32. Rxd7 Qxd7 33. Be3 g5 34. Qc2 Kg7 35. c5 f4 36. Bf2 Bd8 37. g4 Qd5 38. cxb6 cxb6 39. Qc8 Qd6 40. Qb7+ Kf6 41. Qe4 Ke7 42. Qh7+ Ke8 43. Kg2 Be7 44. Qe4 Bd8 45. Qh7 Be7 46. Qe4 Bd8 47. Qh7 Be7 1/2-1/2

[Event "Mataro op 11th"]
[Site "Mataro"]
[Date "2014.10.18"]
[Round "4"]
[White "Ferre Navarro, Joan"]
[Black "Aparicio Escudero, Hector F"]
[Result "0-1"]
[WhiteElo "1846"]
[BlackElo "1915"]
[PlyCount "138"]
[EventDate "2014.09.27"]
[EventType "swiss"]
[EventRounds "9"]
[EventCountry "ESP"]
[SourceTitle "EXT 2016"]
[Source "ChessBase"]
[SourceDate "2015.10.08"]
[SourceVersion "1"]
[SourceVersionDate "2015.10.08"]
[SourceQuality "1"]

1. d4 Nf6 2. c4 e6 3. Nc3 Bb4 4. Bg5 d5 5. cxd5 Bxc3+ 6. bxc3 exd5 7. e3 0-0 8. Nf3 Qd6 9. Be2 Ne4 10. Bf4 Qa3 11. c4 Qa5+ 12. Nd2 Nc3 13. Qb3 Nxe2 14. Kxe2 c6 15. Rhb1 dxc4 16. Nxc4 Qh5+ 17. Kf1 Be6 18. Qc3 b6 19. Ne5 Bd5 20. f3 f6 21. Nd3 Re8 22. e4 Be6 23. Rc1 Bd7 24. Nb4 a5 25. Nd3 g5 26. Bg3 g4 27. Nf4 Qb5+ 28. Kf2 gxf3 29. gxf3 Qb4 30. Nd3 Qxc3 31. Rxc3 Na6 32. Rb1 b5 33. a3 Rac8 34. Nc5 Nxc5 35. Rxc5 Rb8 36. Ke3 Rbc8 37. e5 fxe5 38. dxe5 Be6 39. f4 Bf5 40. Rd1 b4 41. axb4 axb4 42. Rd2 b3 43. Rb2 Bc2 44. f5 Red8 45. f6 Kf7 46. Kf4 Ke6 47. Kg5 Rd5 48. Rc4 Ra5 49. Rbxc2 bxc2 50. Rxc2 c5 51. Kh6 Ra7 52. Rd2 Rd7 53. Rxd7 Kxd7 54. Kg7 Ke6 55. f7 Rc7 56. Kxh7 Rxf7+ 57. Kg6 c4 58. Be1 Rf3 59. h4 c3 60. h5 c2 61. Bd2 Rg3+ 62. Kh7 Kxe5 63. h6 Ke6 64. Kh8 Rg1 65. h7 Kf7 66. Be3 Rh1 67. Bc1 Kg6 68. Bb2 c1Q 69. Bxc1 Rxc1 0-1

[Event "Mataro op 11th"]
[Site "Mataro"]
[Date "2014.10.11"]
[Round "3"]
[White "Aparicio Escudero, Hector F"]
[Black "Roig Ruiz, Carles"]
[Result "0-1"]
[WhiteElo "1915"]
[BlackElo "1997"]
[PlyCount "102"]
[EventDate "2014.09.27"]
[EventType "swiss"]
[EventRounds "9"]
[EventCountry "ESP"]
[SourceTitle "EXT 2016"]
[Source "ChessBase"]
[SourceDate "2015.10.08"]
[SourceVersion "1"]
[SourceVersionDate "2015.10.08"]
[SourceQuality "1"]

1. e4 e5 2. Nf3 d6 3. Bc4 Be6 4. Qe2 Nc6 5. 0-0 Qd7 6. Nc3 0-0-0 7. Bxe6 Qxe6 8. Nd5 h6 9. Qc4 g5 10. d3 Kb8 11. b4 Rc8 12. Be3 g4 13. Nh4 Nce7 14. b5 Nf6 15. Qa4 b6 16. Nb4 d5 17. Na6+ Ka8 18. Rab1 d4 19. Bd2 c5 20. c4 Nd7 21. Rb3 Nb8 22. Rfb1 Bg7 23. g3 Bf6 24. Ng2 Ng6 25. Ra3 Nxa6 26. bxa6 h5 27. Qd1 Be7 28. Rab3 Rb8 29. Rb5 f5 30. exf5 Qxf5 31. Qe2 Bd6 32. Qe4+ Qxe4 33. dxe4 Rhf8 34. Ne1 Rf7 35. Nd3 Rbf8 36. a4 Rf3 37. R5b3 Ne7 38. a5 Bc7 39. axb6 axb6 40. Be1 Ka7 41. Ra1 Bd6 42. Rab1 Rb8 43. Ra1 Bc7 44. Nc1 Rbf8 45. Nd3 Nc8 46. Nc1 Nd6 47. Rxf3 Rxf3 48. Ra2 Nxe4 49. Re2 Ng5 50. Bd2 Nh3+ 51. Kg2 Kxa6 0-1

[Event "Foment Martinenc op-B 16th"]
[Site "Barcelona"]
[Date "2014.06.14"]
[Round "8"]
[White "Catala Ulied, Bernat"]
[Black "Aparicio Escudero, Hector F"]
[Result "1-0"]
[WhiteElo "1749"]
[BlackElo "1924"]
[PlyCount "77"]
[EventDate "2014.04.26"]
[EventType "swiss"]
[EventRounds "9"]
[EventCountry "ESP"]
[SourceTitle "EXT 2015"]
[Source "ChessBase"]
[SourceDate "2014.11.20"]
[SourceVersion "1"]
[SourceVersionDate "2014.11.20"]
[SourceQuality "1"]

1. c4 Nf6 2. Nc3 e5 3. g3 Bc5 4. Bg2 c6 5. e3 0-0 6. Nge2 d5 7. d4 exd4 8. exd4 Bb6 9. cxd5 Nxd5 10. Nxd5 cxd5 11. 0-0 Bg4 12. Qc2 Nc6 13. Be3 Rc8 14. Qd2 Bxe2 15. Qxe2 Re8 16. Qd2 Ba5 17. Qd1 Nb4 18. Bf4 Qd7 19. a3 Nc2 20. Rc1 Ne1 21. Rxc8 Qxc8 22. Bxd5 Qd7 23. Bh1 Qe7 24. b4 Bb6 25. Be3 Bxd4 26. Bxd4 Qe2 27. Qxe2 Rxe2 28. Bxb7 Nc2 29. Rc1 h6 30. Bxa7 Nxa3 31. Bf3 Re7 32. Bc5 Re6 33. Rd1 Nb5 34. Bd5 Re5 35. Bc4 Na3 36. Rd8+ Kh7 37. Bd3+ g6 38. Bd4 Re1+ 39. Kg2 1-0

[Event "Foment Martinenc op-B 16th"]
[Site "Barcelona"]
[Date "2014.06.07"]
[Round "7"]
[White "Aparicio Escudero, Hector F"]
[Black "Maqueda Berdugo, Francisco"]
[Result "0-1"]
[WhiteElo "1924"]
[BlackElo "1800"]
[PlyCount "66"]
[EventDate "2014.04.26"]
[EventType "swiss"]
[EventRounds "9"]
[EventCountry "ESP"]
[SourceTitle "EXT 2015"]
[Source "ChessBase"]
[SourceDate "2014.11.20"]
[SourceVersion "1"]
[SourceVersionDate "2014.11.20"]
[SourceQuality "1"]

1. Nf3 d5 2. c4 e6 3. g3 Nf6 4. Bg2 Be7 5. 0-0 0-0 6. cxd5 exd5 7. d4 c6 8. Nc3 Ne4 9. Nxe4 dxe4 10. Ne5 f5 11. Qb3+ Qd5 12. Qxd5+ cxd5 13. Bd2 Nd7 14. Bf4 Bf6 15. Rfd1 g5 16. Nxd7 Bxd7 17. Bd6 Rfc8 18. e3 Rc2 19. Ba3 Rac8 20. b3 Re2 21. Rdc1 Rcc2 22. Rxc2 Rxc2 23. Bf1 f4 24. Rc1 Rxa2 25. Bd6 f3 26. Rc7 Bc6 27. Rc8+ Kf7 28. Rf8+ Ke6 29. Bh3+ Kxd6 30. Rxf6+ Kc7 31. Bf1 Ra1 32. Rf7+ Kb6 33. Rf6 Ka5 0-1

[Event "Foment Martinenc op-B 16th"]
[Site "Barcelona"]
[Date "2014.05.17"]
[Round "4"]
[White "Aparicio Escudero, Hector F"]
[Black "Roig Martinez, Salvador"]
[Result "1/2-1/2"]
[WhiteElo "1924"]
[BlackElo "1840"]
[PlyCount "190"]
[EventDate "2014.04.26"]
[EventType "swiss"]
[EventRounds "9"]
[EventCountry "ESP"]
[SourceTitle "EXT 2015"]
[Source "ChessBase"]
[SourceDate "2014.11.20"]
[SourceVersion "1"]
[SourceVersionDate "2014.11.20"]
[SourceQuality "1"]

1. e4 c5 2. Nf3 d6 3. d4 cxd4 4. Nxd4 Nf6 5. Nc3 a6 6. Bg5 e6 7. f4 Be7 8. Qf3 Nc6 9. Nxc6 bxc6 10. e5 Nd5 11. Bxe7 Qxe7 12. 0-0-0 0-0 13. Nxd5 cxd5 14. Bd3 dxe5 15. fxe5 Qg5+ 16. Kb1 Qxe5 17. Rhe1 Qg5 18. h4 Qf6 19. Qh5 g6 20. Qf3 Qxf3 21. gxf3 h5 22. f4 f5 23. Rd2 Kf7 24. Rde2 Re8 25. c3 Bd7 26. Bc2 Rac8 27. Bb3 a5 28. a3 Rc5 29. Rg1 Bb5 30. Re3 Kf6 31. Reg3 Rg8 32. Bd1 Be8 33. Be2 Rh8 34. Bd3 Bf7 35. Be2 Rc7 36. Rd1 Re8 37. Re3 e5 38. Rxe5 Rxe5 39. fxe5+ Kxe5 40. Rd4 Be6 41. Kc2 f4 42. Kd2 Bg4 43. Bd3 Bf5 44. Be2 Be4 45. Ra4 Rc5 46. b4 axb4 47. axb4 Rc8 48. Ra6 f3 49. Bf1 Kf4 50. b5 d4 51. c4 Kg3 52. Rd6 Kf2 53. Rxd4 Kxf1 54. Rxe4 f2 55. Re6 Rg8 56. Rf6 Kg2 57. b6 f1Q 58. Rxf1 Kxf1 59. c5 Rb8 60. Kd3 Kf2 61. Kd4 Kg3 62. Kd5 Kxh4 63. c6 Rxb6 64. c7 Rb1 65. c8Q Rd1+ 66. Ke4 Re1+ 67. Kf3 g5 68. Kf2 Re4 69. Qc1 Rf4+ 70. Kg2 Rg4+ 71. Kh2 Rf4 72. Qe1+ Kg4 73. Qg3+ Kf5 74. Qh3+ Kg6 75. Qe6+ Rf6 76. Qg8+ Kf5 77. Qh7+ Kg4 78. Qe4+ Rf4 79. Qe6+ Rf5 80. Qe2+ Kf4 81. Qxh5 g4 82. Qh6+ Rg5 83. Qf6+ Rf5 84. Qd4+ Kg5 85. Qe3+ Kh5 86. Qe8+ Kg5 87. Qg8+ Kf4 88. Kg2 Rg5 89. Qf8+ Rf5 90. Qh6+ Rg5 91. Qf6+ Rf5 92. Qd4+ Kg5 93. Qe3+ Kh5 94. Qe6 Kg5 95. Qe3+ Kh5 1/2-1/2